[Event "IV Festival A"]
[Site "Vanzaghello ITA"]
[Date "2003.09.20"]
[Round "4"]
[White "Contin, Daniel"]
[Black "Profumo, Alberto"]
[Result "1-0"]
[WhiteElo "2356"]
[BlackElo "2240"]
[PlyCount "85"]
[EventDate "2003.09.18"]

1. c4 Nf6 2. Nf3 e6 3. g3 c5 4. Bg2 d5 5. b3 Nc6 6. O-O Be7 7. e3 O-O 8. Qe2 b6
9. Bb2 Bb7 10. Rd1 Qc7 11. Nc3 Rad8 12. Rac1 Qb8 13. cxd5 Nxd5 14. Nxd5 Rxd5
15. d4 cxd4 16. Nxd4 Nxd4 17. exd4 Ra5 18. d5 Rxa2 19. Rc2 Rd8 20. Qg4 Rxb2 21.
Rxb2 e5 22. d6 Rxd6 23. Rxd6 Bxd6 24. Rc2 Bc5 25. b4 Bxg2 26. bxc5 Bd5 27. c6
Be6 28. c7 Qc8 29. Qd1 f6 30. Qd8+ Kf7 31. Qxc8 Bxc8 32. Rd2 Ke6 33. Rd8 Bd7
34. c8=Q Bxc8 35. Rxc8 Kd5 36. Rc7 a5 37. Rxg7 a4 38. Rxh7 b5 39. Ra7 Kc4 40.
h4 Kb3 41. h5 a3 42. h6 a2 43. h7 1-0

[Event "IV Festival A"]
[Site "Vanzaghello ITA"]
[Date "2003.09.20"]
[Round "4"]
[White "Damia, Angelo"]
[Black "Borroni, Enrico"]
[Result "1-0"]
[WhiteElo "2021"]
[BlackElo "1908"]
[PlyCount "71"]
[EventDate "2003.09.18"]

1. e4 c6 2. Nf3 d5 3. Nc3 Bg4 4. h3 Bh5 5. g4 Bg6 6. exd5 cxd5 7. Bb5+ Nc6 8.
Ne5 Qd6 9. d4 a6 10. Bxc6+ bxc6 11. Bf4 Qe6 12. Na4 Nf6 13. Nc5 Qc8 14. h4 h5
15. g5 Ne4 16. Nxg6 fxg6 17. Nxe4 dxe4 18. Qe2 Qf5 19. Qe3 e6 20. O-O-O Be7 21.
Rhe1 O-O 22. Bg3 Kf7 23. Qxe4 Qxe4 24. Rxe4 Bd8 25. Rde1 Re8 26. R1e3 Re7 27.
Bd6 Re8 28. Rf3+ Kg8 29. Ref4 Be7 30. Be5 Ra7 31. Kb1 Bf8 32. Rc3 Rc8 33. Re4
Kf7 34. Rf3+ Kg8 35. Bg3 Re8 36. Rc3 1-0

[Event "IV Festival A"]
[Site "Vanzaghello ITA"]
[Date "2003.09.20"]
[Round "4"]
[White "Orsenigo, Davide"]
[Black "Cardani, Roberto"]
[Result "1/2-1/2"]
[WhiteElo "1687"]
[BlackElo "1701"]
[PlyCount "113"]
[EventDate "2003.09.18"]

1. e4 c5 2. Nf3 d6 3. d4 cxd4 4. Nxd4 Nf6 5. Nc3 a6 6. Be2 e5 7. Nb3 Be7 8. O-O
O-O 9. f4 Qc7 10. Be3 Nbd7 11. Qe1 b5 12. a3 Bb7 13. Bf3 Rac8 14. Rd1 Nb6 15.
Na5 Ba8 16. Qf2 Nc4 17. Nxc4 Qxc4 18. Be2 Qc7 19. Bd3 Ng4 20. Qg3 Nxe3 21. Qxe3
d5 22. Qf3 dxe4 23. Bxe4 Bxe4 24. Qxe4 exf4 25. Qxf4 Qxf4 26. Rxf4 Bxa3 27.
Nxb5 Bc5+ 28. Nd4 Bxd4+ 29. Rfxd4 Rxc2 30. Ra4 Rxb2 31. Rxa6 g6 32. Rad6 Re8
33. Rd8 Rxd8 34. Rxd8+ Kg7 35. h3 g5 36. Kh2 h5 37. Kg3 Kg6 38. Rd6+ f6 39. Rd5
Re2 40. Kf3 Re5 41. Rd8 h4 42. Rg8+ Kf5 43. Rb8 Ra5 44. Rb6 Ra3+ 45. Kf2 Ra4
46. Kf3 Rf4+ 47. Ke3 Rf1 48. Rb5+ Kg6 49. Rb6 Kh5 50. Rb8 Re1+ 51. Kf2 Re6 52.
Rf8 Kg6 53. Kf3 f5 54. Rg8+ Kf6 55. Rf8+ Kg6 56. Rg8+ Kh5 57. Rh8+ 1/2-1/2

[Event "IV Festival A"]
[Site "Vanzaghello ITA"]
[Date "2003.09.20"]
[Round "4"]
[White "Piazza, Angelo"]
[Black "Rossi, Giampiero"]
[Result "0-1"]
[WhiteElo "1794"]
[BlackElo "2052"]
[PlyCount "99"]
[EventDate "2003.09.18"]

1. d4 d5 2. c4 e6 3. Nc3 c6 4. Nf3 Nf6 5. Qc2 Nbd7 6. e4 dxe4 7. Nxe4 Nxe4 8.
Qxe4 Nf6 9. Qc2 Bb4+ 10. Bd2 Qa5 11. Bd3 O-O 12. Bc3 b6 13. O-O Bxc3 14. bxc3
Bb7 15. Rab1 Rab8 16. Rfe1 c5 17. Rb5 Qa3 18. Ng5 h6 19. Nh7 Nxh7 20. Bxh7+ Kh8
21. dxc5 Bc6 22. Rb4 bxc5 23. Rb3 Qa5 24. Bd3 Rfd8 25. Reb1 Ba4 26. Rxb8 Bxc2
27. Rxd8+ Qxd8 28. Bxc2 g6 29. Rd1 Qa5 30. Bb3 Qxc3 31. Kf1 a5 32. Rd8+ Kg7 33.
Ra8 Kf6 34. f3 Ke5 35. Kf2 g5 36. g3 Qd2+ 37. Kg1 f5 38. Rc8 Qe3+ 39. Kg2 Kd6
40. Rh8 Qe2+ 41. Kg1 Qxf3 42. Rxh6 g4 43. Rh7 Ke5 44. Rd7 Qe3+ 45. Kf1 Qc3 46.
Ra7 Ke4 47. Ra6 e5 48. Kf2 Qd2+ 49. Kf1 Ke3 50. Kg1 0-1

[Event "IV Festival A"]
[Site "Vanzaghello ITA"]
[Date "2003.09.21"]
[Round "5"]
[White "Borroni, Enrico"]
[Black "Rossi, Giampiero"]
[Result "1/2-1/2"]
[WhiteElo "1908"]
[BlackElo "2052"]
[PlyCount "47"]
[EventDate "2003.09.18"]

1. d4 d5 2. Nf3 c6 3. c4 e6 4. Qc2 Nf6 5. cxd5 exd5 6. Bg5 Be7 7. e3 Ne4 8.
Bxe7 Qxe7 9. Bd3 Nd7 10. Nc3 Ndf6 11. O-O O-O 12. Rab1 Bf5 13. b4 a6 14. a4
Rfe8 15. Ne5 Nxc3 16. Qxc3 Bxd3 17. Nxd3 Ne4 18. Qc2 Nd6 19. Qc5 Ne4 20. Qxe7
Rxe7 21. Rfc1 Nd6 22. a5 g6 23. g3 Kg7 24. Kg2 1/2-1/2

[Event "IV Festival A"]
[Site "Vanzaghello ITA"]
[Date "2003.09.21"]
[Round "5"]
[White "De Santis, Alessio"]
[Black "Brioschi, Camillo"]
[Result "1-0"]
[WhiteElo "2289"]
[BlackElo "1678"]
[PlyCount "71"]
[EventDate "2003.09.18"]

1. d4 d5 2. c4 e6 3. Nc3 Nf6 4. cxd5 exd5 5. Bg5 c6 6. e3 Be7 7. Qc2 Nbd7 8.
Bd3 O-O 9. Nge2 Re8 10. O-O Nf8 11. f3 h6 12. Bh4 N6h7 13. Bf2 Be6 14. e4 Nf6
15. e5 N6d7 16. f4 g6 17. Rad1 Nb6 18. h3 Qc8 19. Kh2 c5 20. dxc5 Bxc5 21. Nd4
Bxd4 22. Bxd4 Bf5 23. Bxf5 gxf5 24. Bxb6 axb6 25. Qf2 Qe6 26. Nxd5 Rxa2 27.
Nf6+ Kg7 28. Rd6 Qc8 29. Nxe8+ Qxe8 30. Rxb6 Qe7 31. Qf3 Qc5 32. Rxb7 Qc4 33.
Rf2 Ng6 34. b3 Rxf2 35. bxc4 Rxf3 36. gxf3 1-0

[Event "IV Festival A"]
[Site "Vanzaghello ITA"]
[Date "2003.09.21"]
[Round "5"]
[White "Molteni, Costantino"]
[Black "Damia, Angelo"]
[Result "1/2-1/2"]
[WhiteElo "1678"]
[BlackElo "2021"]
[PlyCount "107"]
[EventDate "2003.09.18"]

1. Nf3 d6 2. d4 Nf6 3. g3 g6 4. c4 Bg7 5. Bg2 O-O 6. O-O Nbd7 7. Nc3 c5 8. d5
Nb6 9. Nd2 e5 10. Qc2 Nh5 11. e4 f5 12. Ne2 f4 13. Nf3 g5 14. h3 g4 15. hxg4
Bxg4 16. Nh2 Qd7 17. f3 Bh3 18. g4 Bxg2 19. Kxg2 Nf6 20. Bd2 h5 21. gxh5 Kf7
22. Rh1 Rh8 23. Rag1 Rxh5 24. Nf1 Rah8 25. Rxh5 Rxh5 26. Rh1 Rxh1 27. Kxh1 Qh3+
28. Nh2 Nh5 29. Kg1 Bf6 30. Be1 Ng3 31. Nc1 Bh4 32. b3 Nf5 33. Bxh4 Nxh4 34.
Qf2 Nd7 35. Ne2 Nf6 36. Qf1 Qxf1+ 37. Kxf1 Nxf3 38. Nxf3 Nxe4 39. Kg2 Kf6 40.
Kh3 Nf2+ 41. Kg2 Nd1 42. Nd2 b5 43. Ne4+ Ke7 44. Kf3 bxc4 45. bxc4 Ne3 46. Nd2
Nd1 47. Ke4 Kf6 48. Nxf4 exf4 49. Kxf4 Nc3 50. Ne4+ Nxe4 51. Kxe4 Kg5 52. Ke3
Kf5 53. Kf3 a6 54. a3 1/2-1/2

[Event "IV Festival A"]
[Site "Vanzaghello ITA"]
[Date "2003.09.21"]
[Round "5"]
[White "Profumo, Alberto"]
[Black "Kidane, Robel"]
[Result "1-0"]
[WhiteElo "2240"]
[BlackElo "2045"]
[PlyCount "87"]
[EventDate "2003.09.18"]

1. Nf3 Nf6 2. g3 g6 3. c4 Bg7 4. Bg2 d6 5. d4 O-O 6. Nc3 Nbd7 7. O-O c6 8. d5
cxd5 9. cxd5 Nc5 10. Nd4 Bd7 11. b4 Na6 12. Qb3 Qb6 13. Nc2 Ng4 14. Bd2 Rac8
15. Rac1 h5 16. h3 Ne5 17. Be3 Qc7 18. Na3 Nc4 19. Ncb5 Bxb5 20. Nxb5 Qd7 21.
Rxc4 Qxb5 22. Rfc1 Rxc4 23. Rxc4 b6 24. a3 Rb8 25. h4 Qd7 26. Qc2 Rb7 27. Kh2
Rc7 28. Bh3 f5 29. Bg5 Rxc4 30. Qxc4 Nc7 31. e4 Kf7 32. Qc2 Bf6 33. exf5 Kg7
34. fxg6 Qd8 35. Bxf6+ exf6 36. Qf5 Qe8 37. Bf1 Qxg6 38. Qd7+ Qf7 39. Qxd6 Ne8
40. Qd8 f5 41. d6 Nf6 42. Qc7 Ng4+ 43. Kg1 Kf6 44. d7 1-0

[Event "IV Festival A"]
[Site "Vanzaghello ITA"]
[Date "2003.09.21"]
[Round "5"]
[White "Salami, Marco"]
[Black "Bianchi, Alberto"]
[Result "1-0"]
[WhiteElo "2177"]
[BlackElo "2040"]
[PlyCount "74"]
[EventDate "2003.09.18"]

1. e4 e5 2. f4 exf4 3. Nf3 Nc6 4. Nc3 Nge7 5. Bc4 Ng6 6. d4 d6 7. O-O Be7 8.
Ne2 O-O 9. Nxf4 Nxf4 10. Bxf4 Bf6 11. c3 Bg4 12. Qd2 Qd7 13. Bg5 Bxg5 14. Qxg5
h6 15. Qh4 Rae8 16. Rae1 Bxf3 17. Rxf3 Qe7 18. Qh5 Nd8 19. Rg3 Kh7 20. Qg4 g6
21. Bd3 Rg8 22. Rf1 Qe6 23. Qh4 Kg7 24. Rh3 Rh8 25. b3 Qe7 26. Qf2 Ne6 27. Rf3
Ng5 28. Rf4 Rhf8 29. h4 Ne6 30. Rf6 h5 31. Bc4 Nd8 32. Rf4 c6 33. Qg3 b5 34.
Be2 Rh8 35. Bd3 Rhf8 36. Rf6 Qxf6 37. Rxf6 Kxf6 1-0

[Event "IV Festival A"]
[Site "Vanzaghello ITA"]
[Date "2003.09.21"]
[Round "5"]
[White "Sgnaolin, Davide"]
[Black "Contin, Daniel"]
[Result "0-1"]
[WhiteElo "2137"]
[BlackElo "2356"]
[PlyCount "52"]
[EventDate "2003.09.18"]

1. e4 e6 2. d4 d5 3. e5 c5 4. c3 Bd7 5. Nf3 Qb6 6. Be2 Nc6 7. O-O Nh6 8. Na3
cxd4 9. cxd4 Nf5 10. Nc2 Be7 11. b3 O-O 12. Bb2 a5 13. Rb1 a4 14. bxa4 Rxa4 15.
Ba3 Qa7 16. Bxe7 Nfxe7 17. a3 Na5 18. Rb4 Rc8 19. Qd3 h6 20. Rfb1 Bc6 21. Rxa4
Bxa4 22. Ne3 Nc4 23. Rc1 Rc6 24. g4 Nxe5 25. Nxe5 Rxc1+ 26. Kg2 Be8 0-1

[Event "IV Festival A"]
[Site "Vanzaghello ITA"]
[Date "2003.09.21"]
[Round "6"]
[White "Bianchi, Alberto"]
[Black "Cardani, Roberto"]
[Result "0-1"]
[WhiteElo "2040"]
[BlackElo "1701"]
[PlyCount "56"]
[EventDate "2003.09.18"]

1. e4 c5 2. Nf3 d6 3. Nc3 Nc6 4. Bc4 Nf6 5. d4 cxd4 6. Nxd4 e6 7. Be3 Be7 8.
O-O O-O 9. a3 a6 10. Nxc6 bxc6 11. f3 d5 12. exd5 cxd5 13. Bd3 d4 14. Bxh7+
Kxh7 15. Bxd4 Rh8 16. Qd3+ Kg8 17. Qe3 Qc7 18. g3 Bb7 19. Rae1 Rd8 20. Bb6 Qc6
21. Ne4 Nd5 22. Bxd8 Nxe3 23. Bxe7 Nxf1 24. Rxf1 Qxc2 25. Rf2 Qc1+ 26. Kg2 Bxe4
27. fxe4 Qe3 28. Bb4 Rxh2+ 0-1

[Event "IV Festival A"]
[Site "Vanzaghello ITA"]
[Date "2003.09.21"]
[Round "6"]
[White "Kidane, Robel"]
[Black "Sgnaolin, Davide"]
[Result "1/2-1/2"]
[WhiteElo "2045"]
[BlackElo "2137"]
[PlyCount "23"]
[EventDate "2003.09.18"]

1. e4 c5 2. Nf3 Nc6 3. d4 cxd4 4. Nxd4 g6 5. Nc3 Bg7 6. Be3 Nf6 7. Bc4 O-O 8.
Bb3 d6 9. f3 Bd7 10. Qd2 Nxd4 11. Bxd4 b5 12. Nd5 1/2-1/2

[Event "IV Festival A"]
[Site "Vanzaghello ITA"]
[Date "2003.09.21"]
[Round "6"]
[White "Molteni, Costantino"]
[Black "Brioschi, Camillo"]
[Result "1/2-1/2"]
[WhiteElo "1678"]
[BlackElo "1678"]
[PlyCount "76"]
[EventDate "2003.09.18"]

1. Nf3 d5 2. c4 e6 3. b3 Nf6 4. g3 c5 5. Bb2 Be7 6. Bg2 O-O 7. O-O Nc6 8. cxd5
exd5 9. d4 Re8 10. Na3 Bf5 11. dxc5 Bxc5 12. Nb5 Be4 13. Nbd4 Nxd4 14. Nxd4
Bxg2 15. Kxg2 Qe7 16. e3 Qe4+ 17. Qf3 Qxf3+ 18. Nxf3 Ne4 19. Rac1 Bb6 20. Bd4
Rac8 21. Bxb6 axb6 22. Rfd1 Nf6 23. Nd4 Rc5 24. Rc2 Rxc2 25. Nxc2 Rc8 26. Nb4
Rc5 27. Rd2 Kf8 28. f3 Ke7 29. Kf2 Ke6 30. Rc2 g5 31. g4 Nd7 32. Ke2 Ne5 33. h3
Kd6 34. f4 gxf4 35. exf4 Nc6 36. Rxc5 bxc5 37. Nxc6 Kxc6 38. Kd3 Kb5 1/2-1/2

[Event "IV Festival A"]
[Site "Vanzaghello ITA"]
[Date "2003.09.21"]
[Round "6"]
[White "Orsenigo, Davide"]
[Black "Borroni, Enrico"]
[Result "1/2-1/2"]
[WhiteElo "1687"]
[BlackElo "1908"]
[PlyCount "34"]
[EventDate "2003.09.18"]

1. e4 c6 2. d4 d5 3. e5 Bf5 4. h4 h5 5. c4 e6 6. Nc3 Be7 7. Nf3 Bg4 8. cxd5
cxd5 9. Bd3 Nc6 10. Be3 Nh6 11. Qb3 Qd7 12. Ng5 Bf5 13. O-O-O Bxd3 14. Rxd3 Ng4
15. Rf1 Nh2 16. Rh1 Ng4 17. Rf1 Nh2 1/2-1/2

[Event "IV Festival A"]
[Site "Vanzaghello ITA"]
[Date "2003.09.21"]
[Round "6"]
[White "Rossi, Giampiero"]
[Black "Damia, Angelo"]
[Result "0-1"]
[WhiteElo "2052"]
[BlackElo "2021"]
[PlyCount "98"]
[EventDate "2003.09.18"]

1. d4 f5 2. Bg5 h6 3. Bh4 g5 4. Bg3 Nf6 5. e3 Bg7 6. Bd3 e6 7. c3 d5 8. Nd2 O-O
9. f3 Nbd7 10. Ne2 b6 11. O-O c5 12. Rc1 Re8 13. Re1 Nf8 14. c4 Ba6 15. Qa4
dxc4 16. Nxc4 Bxc4 17. Qxc4 Rc8 18. dxc5 Rxc5 19. Qb3 Rxc1 20. Rxc1 Nd5 21. Bf2
Qf6 22. e4 fxe4 23. Bd4 Qxd4+ 24. Nxd4 Bxd4+ 25. Kh1 exd3 26. Qxd3 Bxb2 27. Rb1
Bf6 28. Qa6 Re7 29. a4 Rc7 30. g3 Bd4 31. a5 b5 32. Qxb5 Nc3 33. Qb8 Rf7 34.
Rf1 e5 35. Qb3 Kg7 36. Kg2 Nd7 37. Qc4 Nf6 38. Re1 Nfd5 39. Qd3 Nb4 40. Qd2
Ncd5 41. Re2 Rc7 42. Qe1 Nc2 43. Qd2 Nce3+ 44. Kh3 Rf7 45. Rf2 h5 46. Qa2 Rf4
47. Qb3 Rh4+ 48. gxh4 Nf4+ 49. Kg3 Nf5# 0-1